Представление документа в формате RUSMARC

ПолеНазваниеЗначение
  Тип записи a
  Библиографический уровень c
001 Контрольный номер 475f56f3a8a84212839b1be2587bfad9
005 Дата корректировки 20211220163410.4
010 Индекс ISBN __
a ISBN 978-5-91304-781-6
9 Тираж 1000 экз.
d Цена 211-33
100 Данные общей обработки __
a Данные общей обработки 20210303d2018####am y0rusy028902 ca
101 Язык документа 0_
a Язык текста rus
102 Страна публикации __
a Страна публикации RU
105 Кодированные данные (монография) __
a Кодированные данные (монография) a z 000ay
181 Поле кодированных данных: вид содержания _0
a Код вида содержания (ISBD) i
182 Поле кодированных данных: тип средства _0
a Код типа средства (ISBD) n
200 Заглавие и сведения об ответственности 1_
a Заглавие Заброшенный сад
e Сведения, относящиеся к заглавию памяти отца : [повести]
f Первые сведения об ответственности Олег Ермаков
203 Вид содержания и тип средства __
a Вид содержания Текст
c Тип средства непосредственный
210 Выходные данные 1_
a Место издания Москва
c Издательство Книжный дом Университет
d Дата издания 2018
215 Физическое описание __
a Объем 151 с.
d Формат 20 см
c Иллюстрации/тип воспроизводства фот.
330 Аннотация __
a Аннотация «Заброшенный сад» - это сборник зарисовок и впечатлений. Белый стих, проза, японское хокку, альбом... Настроение, выраженное разными способами, передано ярко, выпукло, пронзительно. Хочется неспешно, без суеты вглядеться в каждый уголок этого сада.
333 Примечание о целевом назначении __
a Примечание о целевом назначении 16+. Для детей старше 16 лет
464 Аналитический уровень _0
1 2001
a С Басе за пазухой
464 Аналитический уровень _0
1 2001
a Вариации
606 Тематические рубрики __
a Основная рубрика Художественная литература
606 Тематические рубрики __
a Основная рубрика Современная русская литература (произведения)
610 Ключевые слова 0_
a Ключевые слова тема любви
610 Ключевые слова 0_
a Ключевые слова проза
610 Ключевые слова 0_
a Ключевые слова тема истории
610 Ключевые слова 0_
a Ключевые слова повести
610 Ключевые слова 0_
a Ключевые слова современная проза
610 Ключевые слова 0_
a Ключевые слова белый стих
686 Индексы других классификаций __
2 Код системы rubbks
a Классификационный индекс 84(2=411.2)6-4; ст84(2=411.2)6-4
700 Автор _1
a Фамилия Ермаков
b Имя О. Н.
f Даты 1961-
g Полное личное имя Олег Николаевич
4 Код отношения 070
801 Источник записи _0
a Страна RU
b Организация Муниципальное бюджетное учреждение культуры "Централизованная библиотечная система" г. Сургут (Центральная городская библиотека им. А. С. Пушкина)
c Дата составления 20210303
g Правила каталогизации PSBO
801 Источник записи _1
a Страна RU
b Организация Муниципальное бюджетное учреждение культуры "Централизованная библиотечная система" г. Сургут (Центральная городская библиотека им. А. С. Пушкина)
c Дата составления 20210303
g Правила каталогизации PSBO
852 Данные о местонахождении __
j Шифр хранения 84(2=411.2)6-4
i Авторский знак Е 72
900 Макрообъекты __
a Макрообъекты Заброшенный сад, 2018
901 Тип документа __
t Тип документа x
a Ответственный КиК/Котельникова
903 Характеристики (МАРС) __
a Дата передачи 20210303
c Наименование библиотеки (МАРС) Муниципальное бюджетное учреждение культуры "Централизованная библиотечная система" г. Сургут (Центральная городская библиотека им. А. С. Пушкина)
990 Данные о заказе (DOS) __
j Количество экземпляров (DOS) 1
t N записи в КСУ для И/У (DOS) 202103